| 000 | 00369nam a2200157Ia 4500 | ||
|---|---|---|---|
| 008 | 170203s9999 xx 000 0 und d | ||
| 050 | _aFIc | ||
| 050 | _bR221 | ||
| 245 | _aRapunzel / | ||
| 260 | _aHongkong : | ||
| 260 | _bTormont international Ltd. | ||
| 260 | _c1995 | ||
| 300 | _a30 pages : | ||
| 300 | _bcolor illustrations ; | ||
| 650 | _aChildren stories. | ||
| 999 |
_c306423 _d306423 |
||